|
|
|
|
| LEADER |
00000nab a2200000 ar4500 |
| 001 |
vtls011879817 |
| 003 |
SK-MaSNL |
| 005 |
20260305040116.0 |
| 008 |
190801c20180614xo mr|p|||||||000 b|slo |
| 038 |
|
|
|a SNSK
|
| 040 |
|
|
|a SNSK
|b slo
|e rda
|c SK
|
| 041 |
|
|
|a slo
|
| 043 |
|
|
|a e-xo- - -
|
| 044 |
|
|
|a xo
|c SK
|
| 080 |
|
|
|a 351.811.111.3
|x (1-751.2)
|2 2011
|
| 100 |
1 |
|
|a Šimoňáková, Mária,
|d 1978-
|4 aut
|9 115064
|
| 245 |
1 |
0 |
|a Cesta spájajúca sever a juh Slovenského raja dostáva nový koberec
|c Mária Šimoňáková
|
| 300 |
|
|
|b Fotografie
|
| 650 |
0 |
7 |
|a opravy a údržba pozemných komunikácií
|2 snsk
|9 57565
|
| 651 |
|
7 |
|a Slovenský raj (Slovensko : pohorie)
|2 snsk
|9 65478
|
| 651 |
|
7 |
|a Letanovce (Slovensko)
|2 snsk
|9 43925
|
| 651 |
|
7 |
|a Spišská Nová Ves (Slovensko : okres)
|2 snsk
|9 22259
|
| 773 |
0 |
|
|t Korzár
|g Roč. XXI, č. 136 (14.6.2018), s. 3
|x 2585-7355
|
| 852 |
|
|
|a SNSK
|b KIS3GCP
|
| 856 |
4 |
1 |
|u https://spis.korzar.sme.sk/c/20847445/cesta-spajajuca-sever-a-juh-slovenskeho-raja-dostava-novy-koberec.html
|
| 999 |
|
|
|c 3336728
|d 3338658
|